000 00350nam a2200145Ia 4500
005 20251222141902.0
008 251222s9999||||xx |||||||||||||| ||spa||
020 _a84-256-0380-3
082 _a155.25/B92
100 _aBenge, Eugene
245 0 _aCómo desarrollar su personalidad:
250 _a2a.ed.
264 _bIbérico Europea
942 _cLIB
999 _c8086
_d8086